<?xml version="1.0" encoding="UTF-8"?>
<record
    xmlns:xsi="http://www.w3.org/2001/XMLSchema-instance"
    xsi:schemaLocation="http://www.loc.gov/MARC21/slim http://www.loc.gov/standards/marcxml/schema/MARC21slim.xsd"
    xmlns="http://www.loc.gov/MARC21/slim">

  <leader>00503nam a22001457a 4500</leader>
  <controlfield tag="005">20161117103241.0</controlfield>
  <controlfield tag="008">161117b        xxu||||| |||| 00| 0 eng d</controlfield>
  <datafield tag="040" ind1=" " ind2=" ">
    <subfield code="c">PK-LaUMT</subfield>
  </datafield>
  <datafield tag="082" ind1=" " ind2=" ">
    <subfield code="a">RHC 891.5509</subfield>
    <subfield code="b">ZAH-P</subfield>
  </datafield>
  <datafield tag="100" ind1=" " ind2=" ">
    <subfield code="a">&#x638;&#x6C1;&#x648;&#x631;&#x627;&#x644;&#x62F;&#x6CC;&#x646; &#x627;&#x62D;&#x645;&#x62F;</subfield>
  </datafield>
  <datafield tag="245" ind1=" " ind2=" ">
    <subfield code="a">&#x67E;&#x627;&#x6A9;&#x633;&#x62A;&#x627;&#x646; &#x645;&#x6CC;&#x6BA; &#x641;&#x627;&#x631;&#x633;&#x6CC; &#x627;&#x62F;&#x628; &#x6A9;&#x6CC; &#x62A;&#x627;&#x631;&#x6CC;&#x62E;</subfield>
    <subfield code="b">&#x639;&#x6C1;&#x62F; &#x62C;&#x6C1;&#x627;&#x646;&#x6AF;&#x6CC;&#x631; &#x633;&#x6D2; &#x639;&#x6C1;&#x62F; &#x627;&#x648;&#x631;&#x646;&#x6AF; &#x632;&#x6CC;&#x628; &#x62A;&#x6A9;</subfield>
    <subfield code="c">&#x638;&#x6C1;&#x648;&#x631;&#x627;&#x644;&#x62F;&#x6CC;&#x646; &#x627;&#x62D;&#x645;&#x62F;</subfield>
  </datafield>
  <datafield tag="260" ind1=" " ind2=" ">
    <subfield code="a">&#x644;&#x627;&#x6BE;&#x648;&#x631;:</subfield>
    <subfield code="b">&#x645;&#x62C;&#x644;&#x633; &#x62A;&#x631;&#x642;&#x6CC; &#x627;&#x62F;&#x628;</subfield>
    <subfield code="c">2016</subfield>
  </datafield>
  <datafield tag="300" ind1=" " ind2=" ">
    <subfield code="a">699 p.</subfield>
  </datafield>
  <datafield tag="942" ind1=" " ind2=" ">
    <subfield code="c">BK</subfield>
  </datafield>
  <datafield tag="999" ind1=" " ind2=" ">
    <subfield code="c">88789</subfield>
    <subfield code="d">88789</subfield>
  </datafield>
  <datafield tag="952" ind1=" " ind2=" ">
    <subfield code="0">0</subfield>
    <subfield code="1">0</subfield>
    <subfield code="4">0</subfield>
    <subfield code="7">0</subfield>
    <subfield code="a">01</subfield>
    <subfield code="b">01</subfield>
    <subfield code="d">2016-11-17</subfield>
    <subfield code="l">1</subfield>
    <subfield code="o">RHC 891.5509 ZAH-P</subfield>
    <subfield code="p">102940</subfield>
    <subfield code="r">2021-01-06 00:00:00</subfield>
    <subfield code="s">2020-08-27</subfield>
    <subfield code="w">2016-11-17</subfield>
    <subfield code="y">BK</subfield>
  </datafield>
</record>
